| 000 | 00973 am a2200301 i 4500 | ||
|---|---|---|---|
| 001 | 164953 | ||
| 003 | TR-AnTOB | ||
| 005 | 20250806105144.0 | ||
| 008 | 030516m1977 tu 000 0atur d | ||
| 040 |
_aANKA _beng _erda _cTR-AnTOB |
||
| 041 | 0 | _atur | |
| 050 | 1 | 0 |
_aDR592.V45 _bA59 1979 |
| 090 | 0 |
_aDR592.V45 _bA59 1979 |
|
| 100 | 1 |
_aVelidedeoğlu, Hıfzı Veldet, _d1904-1992 _eauthor. _9104226 |
|
| 245 | 1 | 0 |
_aAnıların izinde / _cHıfzi Veldet Velidedeoğlu. |
| 264 | 1 |
_aİstanbul : _bRemzi Kitabevi, _c1979. |
|
| 264 | 3 |
_aİstanbul : _bEvrim Matbaacılık, _c1977 |
|
| 300 |
_a2 volume; _c20 cm. |
||
| 336 |
_atext _btxt _2rdacontent |
||
| 337 |
_aunmediated _bn _2rdamedia |
||
| 338 |
_avolume _bnc _2rdacarrier |
||
| 490 | 0 | _aRemzi Kitabevi yayınları | |
| 600 | 1 | 0 |
_aVelidedeoğlu, Hıfzı Veldet, _d1904-1992 _9104226 |
| 650 | 0 |
_aHukukçular _zTürkiye _vBiyografi _984468 |
|
| 650 | 0 |
_aLawyers _zTurkey _vBiography _983763 |
|
| 942 |
_2lcc _cBK |
||
| 999 |
_c200429226 _d47150 |
||